Statistiques concernant Paroles de chansons de Brassens à compléter

Cliquez ici pour prendre le quiz!

Statistiques générales

  • Ce quiz a été pris 18 fois
  • Le résultat moyen est 2 sur 15

Statistiques - réponses

HintRéponse% Correct
Les amoureux qui s'bécotent sur les bancs publics,
Bancs publics, bancs publics,...(Les Amoureux des bancs publics, premier couplet)
En s foutant pas mal du regard oblique
Des passants honnêtes
56%
J'aurais jamais dû m'éloigner de mon arbre...
Auprès de mon arbre,... (Auprès de mon arbre)
Je vivais heureux
J'aurais jamais dû le quitter des yeux
33%
"Qu'on me prenn’ pour une guenon,
C'est complètement impossible..."... (Le Gorille)
La suite lui prouva que non
Gare au gorille
33%
Quand Margot dégrafait son corsage
Pour donner la gougoutte à son chat,... (Brave Margot)
Tous les gars, tous les gars du village
Etaient là, la la la la la la
28%
Heureux qui comme Ulysse
A fait un beau voyage... (Heureux qui comme Ulysse)
Heureux qui comme Ulysse
A vu cent paysages
17%
Qu'il me le pardonne ou non,
D'ailleurs, je m'en fous, ... (Je suis un voyou)
J'ai déjà mon âme en peine
Je suis un voyou
17%
Elle est à toi, cette chanson,
Toi, l'Auvergnat qui, sans façon,... (Chanson pour l'Auvergnat, premier couplet)
M'as donné quatre bouts de bois
Quand dans ma vie il faisait froid
17%
Encor que ce sujet me rende un peu mélancolique
Parlez-m'en toujours je n'vous en tiendrai pas rigueur... (Sauf le respect que je vous dois)
Parlez-moi d'amour et j'vous fous mon poing sur la gueule
Sauf le respect que je vous dois
11%
Boum!
Quand notre cœur fait boum... (Boum)
Tout avec lui dit boum
Et c'est l'amour qui s'éveille
6%
Je me suis fait tout petit devant un’ poupée
Qui ferm’ les yeux quand on la couche,... (Je me suis fait tout petit)
Je m’ suis fait tout p’tit devant une poupée
Qui fait « maman » quand on la touche
0%
Je connus la prime amourette.
Auprès d'une sirène, une femme-poisson,... (Supplique pour être enterré à la plage de Sète)
Je reçus de l'amour la première leçon
Avalai la première arête
0%
Et quand ils étaient en détresse,
Qu'leur bras lancaient des S.O.S.,... (Les Copains d'abord)
On aurait dit les sémaphores
Les copains d'abord
0%
Avoir un bon copain
Voilà c'qui y a d'meilleur au monde... (Avoir un bon copain)
Oui car un bon copain
C'est plus fidèle qu'une blonde
0%
En le regardant avec un oeil de poète,
On aurait pu croire, à son frontal de prophète,... (Corne d'Aurochs)
Qu'il avait les grands eaux d'Versailles dans la tête
Corne d'Aurochs
0%
Et si l'bon Dieu
Aim' tant soit peu
L'accordéon
Au firmament... (Le Vieux Léon)
Tu t'plais sûr'ment
Mon vieux Léon
0%

Distribution des résultats

Percentile par nombre de réponses

% des personnes avec chaque résultat

Votre développement - résultats

Vous n’avez pas pris ce quiz